Don't Get Whammied by the Most Populous Countries - Statistics

General Stats
  • This quiz has been taken 60 times
  • The average score is 19 of 24
Answer Stats
Population Country % Correct
1434 mil China
96%
1435 mil India
96%
344 mil United States
96%
129 mil Mexico
94%
217 mil Brazil
92%
144 mil Russia
91%
279 mil Indonesia
87%
123 mil Japan
87%
226 mil Nigeria
87%
243 mil Pakistan
85%
89.5 mil Iran
79%
68.4 mil United Kingdom
77%
174 mil Bangladesh
75%
114 mil Egypt
74%
83.3 mil Germany
74%
67.6 mil France
72%
104 mil D. R. Congo
70%
86.0 mil Turkey
68%
128 mil Ethiopia
66%
118 mil Philippines
66%
99.2 mil Vietnam
64%
71.9 mil Thailand
62%
60.7 mil South Africa
58%
68.4 mil Tanzania
47%
No matching quizzes found
Score Distribution
Percent of People with Each Score
Percentile by Number Answered
Your Score History
You have not taken this quiz